[Event "National Elementary Championship"]
[Site "Columbus, Ohio, United States"]
[Date "2022.05.14"]
[Round "4.6"]
[White "Boydell, Oliver"]
[Black "Harish, Neeraj"]
[Result "1/2-1/2"]
[TimeControl "G/90;d5"]
[WhiteElo "1760"]
[BlackElo "2137"]

1. e4 {[%clk 01:30:00]} {[%emt 00:00:04]} c5 {[%clk 01:29:57]} {[%emt
00:00:12]} 2. Nf3 {[%clk 01:29:43]} {[%emt 00:00:18]} Nc6 {[%clk 01:29:50]}
{[%emt 00:00:23]} 3. Bb5 {[%clk 01:29:32]} g6 {[%clk 01:29:46]} {[%emt
00:00:09]} 4. O-O {[%clk 01:29:24]} {[%emt 00:00:16]} Bg7 {[%clk 01:29:42]}
{[%emt 00:00:09]} 5. Bxc6 {[%clk 01:28:55]} {[%emt 00:00:34]} dxc6 {[%clk
01:29:41]} {[%emt 00:00:04]} 6. d3 {[%clk 01:28:21]} {[%emt 00:00:40]} Nf6
{[%clk 01:29:31]} {[%emt 00:00:10]} 7. Re1 {[%clk 01:27:26]} {[%emt 00:01:34]}
Qc7 {[%clk 01:28:44]} {[%emt 00:00:17]} 8. Nbd2 {[%clk 01:26:12]} {[%emt
00:01:19]} e5 {[%clk 01:28:07]} {[%emt 00:00:43]} 9. Nf1 {[%clk 01:22:34]}
{[%emt 00:03:41]} O-O {[%clk 01:27:26]} {[%emt 00:00:49]} 10. Ng3 {[%clk
01:21:33]} {[%emt 00:01:04]} Re8 {[%clk 01:25:55]} {[%emt 00:01:39]} 11. h3
{[%clk 01:19:43]} {[%emt 00:01:52]} Nd7 {[%clk 01:25:21]} {[%emt 00:01:05]} 12.
Be3 {[%clk 01:19:01]} {[%emt 00:00:23]} b6 {[%clk 01:25:02]} {[%emt 00:00:24]}
13. Qd2 {[%clk 01:17:20]} {[%emt 00:01:46]} Nf8 {[%clk 01:24:42]} {[%emt
00:00:26]} 14. Bh6 {[%clk 01:15:54]} {[%emt 00:01:27]} Ne6 {[%clk 01:23:52]}
{[%emt 00:00:55]} 15. h4 {[%clk 01:11:11]} {[%emt 00:04:50]} Nf4 {[%clk
01:22:53]} {[%emt 00:01:06]} 16. Bxg7 {[%clk 01:07:16]} {[%emt 00:04:01]} Kxg7
{[%clk 01:22:52]} {[%emt 00:00:03]} 17. Ne2 {[%clk 01:05:42]} {[%emt 00:01:36]}
Bg4 {[%clk 01:18:27]} {[%emt 00:04:30]} 18. Nxf4 {[%clk 01:04:12]} {[%emt
00:02:03]} Bxf3 {[%clk 01:18:16]} 19. Ne2 {[%clk 01:03:52]} {[%emt 00:00:16]}
Bg4 {[%clk 01:11:54]} {[%emt 00:06:31]} 20. f3 {[%clk 01:01:15]} {[%emt
00:02:48]} Be6 {[%clk 01:11:50]} 21. g4 {[%clk 00:58:41]} {[%emt 00:02:35]} Qe7
{[%clk 01:07:19]} {[%emt 00:04:35]} 22. Kg2 {[%clk 00:57:31]} {[%emt 00:01:30]}
h5 {[%clk 01:02:51]} {[%emt 00:04:18]} 23. gxh5 {[%clk 00:53:13]} {[%emt
00:04:26]} Rh8 {[%clk 01:01:59]} {[%emt 00:01:13]} 24. Rh1 {[%clk 00:46:08]}
{[%emt 00:06:52]} Rxh5 {[%clk 01:00:37]} {[%emt 00:01:26]} 25. Ng3 {[%clk
00:44:26]} {[%emt 00:01:47]} Rh7 {[%clk 00:59:39]} {[%emt 00:01:24]} 26. h5
{[%clk 00:41:14]} {[%emt 00:02:57]} Rah8 {[%clk 00:58:51]} {[%emt 00:00:53]} 27.
hxg6 {[%clk 00:33:55]} {[%emt 00:07:24]} Bh3+ {[%clk 00:57:35]} {[%emt
00:01:25]} 28. Kf2 {[%clk 00:20:42]} {[%emt 00:13:15]} fxg6 {[%clk 00:57:28]}
{[%emt 00:00:12]} 29. Rag1 {[%clk 00:19:21]} {[%emt 00:01:29]} Qf6 {[%clk
00:54:04]} {[%emt 00:03:31]} 30. Qe3 {[%clk 00:09:42]} {[%emt 00:09:42]} Rf8
{[%clk 00:50:55]} {[%emt 00:03:11]} 31. Ke2 {[%clk 00:08:34]} {[%emt 00:01:33]}
Kf7 {[%clk 00:48:50]} {[%emt 00:01:50]} 32. Rh2 {[%clk 00:07:30]} {[%emt
00:01:22]} Qf4 {[%clk 00:47:53]} {[%emt 00:00:50]} 33. Qf2 {[%clk 00:05:16]}
{[%emt 00:02:19]} g5 {[%clk 00:44:12]} {[%emt 00:03:46]} 34. Rgh1 {[%clk
00:04:08]} {[%emt 00:01:13]} Rfh8 {[%clk 00:42:20]} {[%emt 00:01:59]} 35. Kd1
{[%clk 00:02:20]} {[%emt 00:01:53]} g4 {[%clk 00:37:04]} {[%emt 00:05:20]} 36.
Ne2 {[%clk 00:02:18]} {[%emt 00:00:10]} Qxf3 {[%clk 00:35:30]} {[%emt
00:01:33]} 37. Qxf3+ {[%emt 00:00:27]} gxf3 {[%clk 00:35:26]} {[%emt 00:00:10]}
38. Ng1 {[%clk 00:02:09]} Bf5 {[%clk 00:33:59]} {[%emt 00:01:23]} 39. Rxh7+
{[%clk 00:01:59]} {[%emt 00:00:17]} Rxh7 {[%clk 00:33:30]} {[%emt 00:00:33]} 40.
Rxh7+ {[%clk 00:01:59]} {[%emt 00:00:36]} Bxh7 {[%clk 00:33:28]} 41. Nxf3
{[%clk 00:01:59]} Kf6 {[%clk 00:33:07]} {[%emt 00:00:07]} 42. Ke2 {[%clk
00:01:56]} {[%emt 00:00:05]} Bg6 {[%clk 00:32:31]} {[%emt 00:00:41]} 43. Ke3
{[%clk 00:01:50]} {[%emt 00:00:09]} Bh5 {[%clk 00:31:55]} {[%emt 00:00:41]} 44.
Kf2 {[%clk 00:00:53]} {[%emt 00:01:01]} Bxf3 {[%clk 00:26:18]} {[%emt
00:05:49]} 45. Kxf3 {[%clk 00:00:53]} Kg5 {[%clk 00:26:18]} {[%emt 00:00:04]}
46. Kg3 {[%clk 00:00:53]} b5 {[%clk 00:25:40]} {[%emt 00:00:44]} 47. a3 {[%clk
00:00:48]} {[%emt 00:00:06]} a6 {[%clk 00:23:34]} {[%emt 00:02:23]} 48. b4
{[%clk 00:00:06]} {[%emt 00:00:33]} c4 {[%clk 00:18:55]} {[%emt 00:04:44]} 49.
dxc4 {[%clk 00:00:06]} {[%emt 00:00:15]} 1/2-1/2

[Event "National Elementary Championship"]
[Site "Columbus, Ohio, United States"]
[Date "2022.05.14"]
[Round "4.7"]
[White "Xu, Gordon"]
[Black "Kang, Dylan"]
[Result "1/2-1/2"]
[TimeControl "G/90;d5"]
[WhiteElo "1966"]
[BlackElo "1677"]

1. e4 {[%clk 01:30:00]} {[%emt 00:00:02]} c6 {[%clk 01:29:59]} {[%emt
00:00:06]} 2. d4 {[%clk 01:30:00]} {[%emt 00:00:03]} d5 {[%clk 01:29:57]}
{[%emt 00:00:08]} 3. e5 {[%clk 01:30:00]} {[%emt 00:00:03]} Bf5 {[%clk
01:29:51]} {[%emt 00:00:10]} 4. h4 {[%clk 01:29:44]} {[%emt 00:00:22]} h5
{[%clk 01:29:42]} {[%emt 00:00:14]} 5. Nf3 {[%clk 01:29:16]} {[%emt 00:00:33]}
e6 {[%clk 01:28:18]} {[%emt 00:01:29]} 6. Bd3 {[%clk 01:28:24]} {[%emt
00:00:57]} Bxd3 {[%clk 01:27:52]} {[%emt 00:00:30]} 7. Qxd3 {[%clk 01:28:22]}
{[%emt 00:00:07]} Nd7 {[%clk 01:27:19]} {[%emt 00:00:38]} 8. Bg5 {[%clk
01:25:08]} {[%emt 00:03:21]} Be7 {[%clk 01:26:50]} {[%emt 00:00:33]} 9. O-O
{[%clk 01:22:16]} {[%emt 00:02:57]} Bxg5 {[%clk 01:21:39]} {[%emt 00:05:15]} 10.
hxg5 {[%clk 01:19:47]} {[%emt 00:02:34]} g6 {[%clk 01:20:47]} {[%emt 00:00:57]}
11. Nbd2 {[%clk 01:16:46]} {[%emt 00:03:06]} a6 {[%clk 01:17:44]} {[%emt
00:03:09]} 12. c4 {[%clk 01:12:34]} {[%emt 00:04:16]} Ne7 {[%clk 01:15:22]}
{[%emt 00:02:28]} 13. Nh4 {[%clk 01:08:49]} {[%emt 00:03:49]} Nf5 {[%clk
01:14:20]} {[%emt 00:01:07]} 14. Nxf5 {[%clk 01:06:21]} {[%emt 00:02:34]} gxf5
{[%clk 01:12:45]} {[%emt 00:01:39]} 15. f4 {[%clk 01:02:48]} {[%emt 00:03:38]}
Nf8 {[%clk 01:10:38]} {[%emt 00:02:13]} 16. cxd5 {[%clk 01:00:45]} {[%emt
00:02:08]} Qxd5 {[%clk 01:10:20]} {[%emt 00:00:23]} 17. Nc4 {[%clk 00:59:40]}
{[%emt 00:01:05]} Rd8 {[%clk 01:08:26]} {[%emt 00:02:04]} 18. Nd6+ {[%clk
00:58:16]} {[%emt 00:01:29]} Ke7 {[%clk 01:05:57]} {[%emt 00:02:34]} 19. Rfd1
{[%clk 00:53:53]} {[%emt 00:04:28]} Ng6 {[%clk 01:01:17]} {[%emt 00:04:45]} 20.
Qa3 {[%clk 00:50:53]} {[%emt 00:03:03]} Rxd6 {[%clk 00:58:15]} {[%emt
00:03:09]} 21. exd6+ {[%clk 00:44:34]} {[%emt 00:06:23]} Qxd6 {[%clk 00:58:07]}
{[%emt 00:00:13]} 22. Qxd6+ {[%clk 00:43:55]} {[%emt 00:00:44]} Kxd6 {[%clk
00:58:04]} {[%emt 00:00:08]} 23. Rf1 {[%clk 00:38:57]} {[%emt 00:05:04]} Kd5
{[%clk 00:57:03]} {[%emt 00:01:06]} 24. Rf3 {[%clk 00:37:57]} {[%emt 00:01:05]}
h4 {[%clk 00:55:28]} {[%emt 00:01:40]} 25. Kf2 {[%clk 00:35:54]} {[%emt
00:02:04]} Rc8 {[%clk 00:55:01]} {[%emt 00:00:35]} 26. Rc1 {[%clk 00:32:54]}
{[%emt 00:03:04]} Rc7 {[%clk 00:41:33]} {[%emt 00:13:35]} 27. Ke3 {[%clk
00:30:59]} {[%emt 00:01:57]} Kd6 {[%clk 00:38:28]} {[%emt 00:03:12]} 28. b4
{[%clk 00:27:46]} {[%emt 00:03:18]} b5 {[%clk 00:37:51]} {[%emt 00:00:42]} 29.
a4 {[%clk 00:26:09]} {[%emt 00:01:42]} Rb7 {[%clk 00:37:06]} {[%emt 00:00:50]}
30. Ra1 {[%clk 00:24:02]} {[%emt 00:02:12]} Ne7 {[%clk 00:35:23]} {[%emt
00:01:48]} 1/2-1/2

[Event "National Elementary Championship"]
[Site "Columbus, Ohio, United States"]
[Date "2022.05.14"]
[Round "4.8"]
[White "Moina, Lucas"]
[Black "Venkatesh, Narayan"]
[Result "0-1"]
[TimeControl "G/90;d5"]
[WhiteElo "1602"]
[BlackElo "1933"]

1. d4 {[%clk 01:30:00]} {[%emt 00:00:05]} Nf6 {[%clk 01:30:00]} {[%emt
00:00:06]} 2. Nf3 {[%clk 01:29:56]} {[%emt 00:00:08]} e6 {[%clk 01:29:59]}
{[%emt 00:00:06]} 3. c4 {[%clk 01:29:47]} {[%emt 00:00:14]} b6 {[%clk
01:29:59]} {[%emt 00:00:04]} 4. Nc3 {[%clk 01:29:35]} {[%emt 00:00:17]} Bb4
{[%clk 01:29:58]} {[%emt 00:00:05]} 5. Qc2 {[%clk 01:29:13]} {[%emt 00:00:29]}
Bb7 {[%clk 01:29:31]} {[%emt 00:00:30]} 6. a3 {[%clk 01:28:54]} {[%emt
00:00:25]} Bxc3+ {[%clk 01:29:30]} {[%emt 00:00:06]} 7. Qxc3 {[%clk 01:28:48]}
{[%emt 00:00:11]} O-O {[%clk 01:29:18]} {[%emt 00:00:17]} 8. Bf4 {[%clk
01:27:52]} {[%emt 00:01:02]} d6 {[%clk 01:28:30]} {[%emt 00:00:51]} 9. h3
{[%clk 01:25:03]} {[%emt 00:02:55]} Nbd7 {[%clk 01:22:28]} {[%emt 00:06:07]} 10.
e3 {[%clk 01:21:10]} {[%emt 00:03:58]} Ne4 {[%clk 01:00:18]} {[%emt 00:22:10]}
11. Qc2 {[%clk 01:19:20]} {[%emt 00:01:59]} f5 {[%clk 00:59:11]} {[%emt
00:01:13]} 12. h4 {[%clk 01:11:57]} {[%emt 00:07:28]} Qe7 {[%clk 00:46:48]}
{[%emt 00:12:13]} 13. Be2 {[%clk 00:40:30]} {[%emt 00:31:48]} Ndf6 {[%clk
00:39:33]} {[%emt 00:07:19]} 14. Rf1 {[%clk 00:20:04]} {[%emt 00:20:31]} Ng4
{[%clk 00:31:46]} {[%emt 00:07:52]} 15. Ng5 {[%clk 00:16:07]} {[%emt 00:04:03]}
e5 {[%clk 00:24:01]} {[%emt 00:07:49]} 16. dxe5 {[%clk 00:11:01]} {[%emt
00:05:11]} dxe5 {[%clk 00:24:01]} {[%emt 00:00:06]} 17. Bxg4 {[%emt 00:01:48]}
exf4 {[%clk 00:24:01]} {[%emt 00:00:03]} 18. Bf3 {[%clk 00:08:42]} {[%emt
00:00:42]} Rad8 {[%clk 00:21:17]} {[%emt 00:02:48]} 19. Rd1 {[%clk 00:07:40]}
{[%emt 00:01:07]} fxe3 {[%clk 00:20:26]} {[%emt 00:00:57]} 20. fxe3 {[%clk
00:06:34]} {[%emt 00:01:11]} Ng3 {[%clk 00:16:07]} {[%emt 00:04:16]} 21. Rxd8
{[%clk 00:05:09]} {[%emt 00:01:38]} Qxe3+ {[%clk 00:14:10]} {[%emt 00:02:01]}
22. Be2 {[%clk 00:05:02]} {[%emt 00:00:12]} Rxd8 {[%clk 00:14:10]} {[%emt
00:00:05]} 23. Rf2 {[%clk 00:04:16]} {[%emt 00:00:52]} Nxe2 {[%clk 00:13:25]}
{[%emt 00:00:50]} 24. Rf3 {[%clk 00:04:16]} {[%emt 00:00:01]} Bxf3 {[%clk
00:13:12]} 0-1

[Event "National Elementary Championship"]
[Site "Columbus, Ohio, United States"]
[Date "2022.05.14"]
[Round "4.9"]
[White "Lad, Neil"]
[Black "Muthukumaran, Gurru"]
[Result "0-1"]
[TimeControl "G/90;d5"]
[WhiteElo "1653"]
[BlackElo "1881"]

1. d4 {[%clk 01:30:00]} Nf6 {[%clk 01:30:00]} {[%emt 00:00:06]} 2. Nf3 {[%clk
01:29:55]} {[%emt 00:00:06]} g6 {[%clk 01:30:00]} {[%emt 00:00:31]} 3. c4
{[%clk 01:29:53]} c5 {[%clk 01:29:58]} 4. d5 {[%clk 01:29:52]} b5 {[%clk
01:29:58]} 5. cxb5 {[%clk 01:29:50]} {[%emt 00:00:04]} a6 {[%clk 01:29:58]}
{[%emt 00:00:09]} 6. bxa6 {[%clk 01:29:49]} {[%emt 00:00:14]} Bxa6 {[%clk
01:29:58]} 7. Nc3 {[%clk 01:29:41]} {[%emt 00:00:04]} d6 {[%clk 01:29:50]}
{[%emt 00:00:16]} 8. Bg5 {[%clk 01:29:35]} {[%emt 00:00:06]} Bg7 {[%clk
01:29:50]} {[%emt 00:00:10]} 9. g3 {[%clk 01:29:34]} {[%emt 00:00:04]} O-O
{[%clk 01:29:50]} {[%emt 00:00:11]} 10. Bg2 {[%clk 01:29:34]} Nbd7 {[%clk
01:29:50]} {[%emt 00:00:04]} 11. O-O {[%clk 01:29:33]} {[%emt 00:00:08]} Nb6
{[%clk 01:29:03]} {[%emt 00:00:48]} 12. b3 {[%clk 01:27:49]} {[%emt 00:01:46]}
h6 {[%clk 01:25:12]} {[%emt 00:04:15]} 13. Bf4 {[%clk 01:26:16]} {[%emt
00:01:19]} g5 {[%clk 01:24:47]} {[%emt 00:00:46]} 14. Be3 {[%clk 01:25:32]}
{[%emt 00:00:32]} Bb7 {[%clk 01:18:32]} {[%emt 00:06:20]} 15. h4 {[%clk
01:23:28]} {[%emt 00:02:21]} Nfxd5 {[%clk 01:15:47]} {[%emt 00:02:39]} 16. Nxd5
{[%clk 01:21:50]} {[%emt 00:02:17]} Nxd5 {[%clk 01:15:35]} {[%emt 00:00:12]} 17.
Rc1 {[%clk 01:16:18]} {[%emt 00:05:19]} Nxe3 {[%clk 01:14:46]} {[%emt
00:00:43]} 18. fxe3 {[%clk 01:16:18]} {[%emt 00:00:16]} g4 {[%clk 01:13:57]}
{[%emt 00:00:40]} 19. Nh2 {[%clk 01:16:10]} {[%emt 00:00:20]} Bxg2 {[%clk
01:13:36]} {[%emt 00:00:23]} 20. Kxg2 {[%clk 01:16:09]} {[%emt 00:00:04]} Qc8
{[%clk 01:12:06]} {[%emt 00:01:33]} 21. Rc2 {[%clk 01:14:10]} {[%emt 00:02:04]}
Qe6 {[%clk 01:11:12]} {[%emt 00:01:01]} 22. Qd3 {[%clk 01:13:47]} {[%emt
00:00:26]} f5 {[%clk 01:09:10]} {[%emt 00:02:10]} 23. Rd1 {[%clk 01:11:08]}
{[%emt 00:02:42]} Kh8 {[%clk 01:08:21]} {[%emt 00:00:57]} 24. Rdd2 {[%clk
01:07:26]} {[%emt 00:03:42]} Rfd8 {[%clk 01:06:18]} {[%emt 00:02:11]} 25. Rc1
{[%clk 01:03:19]} {[%emt 00:04:12]} Qg6 {[%clk 01:04:36]} {[%emt 00:01:46]} 26.
Rc4 {[%clk 01:01:36]} {[%emt 00:02:11]} h5 {[%clk 01:04:12]} {[%emt 00:00:07]}
27. e4 {[%clk 00:59:27]} {[%emt 00:02:11]} fxe4 {[%clk 00:59:59]} {[%emt
00:04:19]} 28. Rxe4 {[%clk 00:59:10]} {[%emt 00:00:22]} e6 {[%clk 00:54:22]}
{[%emt 00:06:06]} 29. Re5 {[%clk 00:58:02]} {[%emt 00:00:48]} Qf7 {[%clk
00:53:17]} {[%emt 00:01:11]} 30. Rg5 {[%clk 00:57:50]} {[%emt 00:00:29]} Bh6
{[%clk 00:51:15]} {[%emt 00:02:03]} 31. Qc3+ {[%clk 00:55:59]} {[%emt
00:01:47]} e5 {[%clk 00:50:35]} {[%emt 00:00:59]} 32. Rxd6 {[%clk 00:54:01]}
{[%emt 00:01:59]} Rxd6 {[%clk 00:44:03]} {[%emt 00:06:32]} 33. Qxe5+ {[%clk
00:53:52]} {[%emt 00:00:07]} Qf6 {[%clk 00:41:27]} {[%emt 00:02:44]} 34. Qe4
{[%clk 00:53:29]} {[%emt 00:00:45]} Bxg5 {[%clk 00:36:46]} {[%emt 00:04:28]} 35.
hxg5 {[%clk 00:51:15]} {[%emt 00:02:17]} Qf8 {[%clk 00:36:06]} {[%emt
00:00:48]} 36. g6 {[%clk 00:50:05]} {[%emt 00:01:14]} Re8 {[%clk 00:35:14]}
{[%emt 00:00:57]} 37. Qc2 {[%clk 00:49:40]} {[%emt 00:00:29]} Qe7 {[%clk
00:34:34]} {[%emt 00:00:47]} 38. Qc3+ {[%clk 00:49:12]} {[%emt 00:00:41]} Qe5
{[%clk 00:34:31]} {[%emt 00:00:02]} 39. Qxe5+ {[%clk 00:48:38]} {[%emt
00:00:42]} Rxe5 {[%clk 00:34:31]} 40. Kf2 {[%clk 00:48:28]} {[%emt 00:00:27]}
Rd2 {[%clk 00:34:23]} {[%emt 00:00:07]} 41. Nf1 {[%clk 00:48:18]} {[%emt
00:00:06]} Rexe2+ {[%clk 00:33:57]} {[%emt 00:00:31]} 42. Kg1 {[%clk 00:48:16]}
{[%emt 00:00:17]} Rd1 {[%clk 00:33:31]} {[%emt 00:00:21]} 43. a4 {[%clk
00:48:14]} {[%emt 00:00:41]} Ree1 {[%clk 00:33:24]} {[%emt 00:00:04]} 44. Kf2
{[%clk 00:48:10]} Rxf1+ {[%clk 00:33:24]} 45. Ke2 {[%clk 00:48:10]} Rfe1+
{[%clk 00:32:45]} {[%emt 00:00:53]} 46. Kf2 {[%clk 00:48:03]} {[%emt 00:00:06]}
Re4 {[%clk 00:32:37]} {[%emt 00:00:12]} 47. a5 {[%clk 00:47:56]} {[%emt
00:00:04]} Rde1 {[%clk 00:32:35]} {[%emt 00:00:07]} 48. g7+ {[%clk 00:47:53]}
{[%emt 00:00:10]} Kxg7 {[%clk 00:32:34]} {[%emt 00:00:03]} 49. a6 {[%clk
00:47:43]} {[%emt 00:00:12]} R4e2# {[%clk 00:32:34]} {[%emt 00:00:13]} 0-1

[Event "National Elementary Championship"]
[Site "Columbus, Ohio, United States"]
[Date "2022.05.14"]
[Round "4.10"]
[White "Tessiore, Luca"]
[Black "Tang, Lydia"]
[Result "1-0"]
[TimeControl "G/90;d5"]
[WhiteElo "1850"]
[BlackElo "1625"]

1. d4 {[%clk 01:30:00]} d5 {[%clk 01:30:00]} 2. c4 {[%clk 01:30:00]} e6 {[%clk
01:30:00]} 3. Nc3 {[%clk 01:30:00]} Nf6 {[%clk 01:29:57]} {[%emt 00:00:11]} 4.
Bg5 {[%clk 01:30:00]} {[%emt 00:00:03]} Be7 {[%clk 01:28:37]} {[%emt 00:01:26]}
5. cxd5 {[%clk 01:30:00]} {[%emt 00:00:03]} exd5 {[%clk 01:27:57]} {[%emt
00:00:42]} 6. e3 {[%clk 01:30:00]} {[%emt 00:00:04]} h6 {[%clk 01:26:56]}
{[%emt 00:01:02]} 7. Bf4 {[%clk 01:29:37]} {[%emt 00:00:30]} O-O {[%clk
01:26:05]} {[%emt 00:00:57]} 8. Bd3 {[%clk 01:28:55]} {[%emt 00:00:58]} Be6
{[%clk 01:24:33]} {[%emt 00:01:22]} 9. Qc2 {[%clk 01:26:43]} {[%emt 00:02:19]}
Nbd7 {[%clk 01:22:41]} {[%emt 00:02:05]} 10. Nge2 {[%clk 01:25:32]} {[%emt
00:01:05]} c5 {[%clk 01:17:28]} {[%emt 00:05:43]} 11. O-O {[%clk 01:22:03]}
{[%emt 00:03:20]} cxd4 {[%clk 01:15:10]} {[%emt 00:02:13]} 12. exd4 {[%clk
01:20:01]} {[%emt 00:02:27]} Rc8 {[%clk 01:12:15]} {[%emt 00:02:50]} 13. Ng3
{[%clk 01:12:36]} {[%emt 00:07:30]} Nb6 {[%clk 01:08:54]} {[%emt 00:03:16]} 14.
Bf5 {[%clk 01:08:48]} {[%emt 00:03:53]} Qd7 {[%clk 00:57:32]} {[%emt 00:11:26]}
15. Rfe1 {[%clk 01:05:19]} {[%emt 00:03:35]} Bxf5 {[%clk 00:55:34]} {[%emt
00:02:04]} 16. Nxf5 {[%clk 01:04:51]} {[%emt 00:00:34]} Rfe8 {[%clk 00:54:22]}
{[%emt 00:01:17]} 17. Qd3 {[%clk 00:58:48]} {[%emt 00:06:07]} Bf8 {[%clk
00:46:01]} {[%emt 00:08:58]} 18. Qh3 {[%clk 00:44:50]} {[%emt 00:13:29]} Kh7
{[%clk 00:33:14]} {[%emt 00:12:57]} 19. Be5 {[%clk 00:36:17]} {[%emt 00:08:36]}
Qd8 {[%clk 00:28:33]} {[%emt 00:04:47]} 20. Qd3 {[%clk 00:25:26]} {[%emt
00:10:53]} g6 {[%clk 00:26:03]} {[%emt 00:02:35]} 21. Ne3 {[%clk 00:24:34]}
{[%emt 00:00:59]} Bg7 {[%clk 00:21:23]} {[%emt 00:04:54]} 22. Nb5 {[%clk
00:23:58]} {[%emt 00:00:31]} Ne4 {[%clk 00:15:27]} {[%emt 00:06:32]} 23. Bxg7
{[%clk 00:23:39]} Kxg7 {[%clk 00:15:08]} {[%emt 00:00:15]} 24. Nxa7 {[%clk
00:23:24]} {[%emt 00:00:21]} Ra8 {[%clk 00:14:44]} {[%emt 00:00:37]} 25. Nb5
{[%clk 00:23:17]} {[%emt 00:00:31]} Rc8 {[%clk 00:13:47]} {[%emt 00:00:32]} 26.
Rac1 {[%clk 00:22:26]} {[%emt 00:00:56]} Qf6 {[%clk 00:12:04]} {[%emt
00:01:48]} 27. f3 {[%clk 00:21:54]} {[%emt 00:00:37]} Nd6 {[%clk 00:11:40]}
{[%emt 00:00:37]} 28. Nc7 {[%clk 00:20:47]} {[%emt 00:01:04]} Red8 {[%clk
00:09:08]} {[%emt 00:02:37]} 29. Ncxd5 {[%clk 00:19:33]} {[%emt 00:01:29]} Nxd5
{[%clk 00:08:35]} {[%emt 00:00:48]} 30. Nxd5 {[%clk 00:19:26]} {[%emt
00:00:25]} Qg5 {[%clk 00:08:10]} 31. Nc3 {[%clk 00:16:22]} {[%emt 00:03:32]}
Nf5 {[%clk 00:07:32]} {[%emt 00:00:17]} 32. d5 {[%clk 00:15:50]} {[%emt
00:00:38]} Re8 {[%clk 00:05:54]} {[%emt 00:01:45]} 33. Rb1 {[%clk 00:14:12]}
{[%emt 00:01:51]} Ne3 {[%clk 00:04:34]} {[%emt 00:01:15]} 34. Re2 {[%clk
00:13:23]} {[%emt 00:00:57]} Nf5 {[%clk 00:03:32]} {[%emt 00:01:06]} 35. Rbe1
{[%clk 00:10:30]} {[%emt 00:02:55]} Rxe2 {[%clk 00:03:12]} {[%emt 00:00:25]} 36.
Qxe2 {[%clk 00:10:26]} {[%emt 00:00:23]} Nd4 {[%clk 00:02:42]} {[%emt
00:00:26]} 37. Qe5+ {[%clk 00:10:26]} {[%emt 00:00:07]} Qxe5 {[%clk 00:02:42]}
38. Rxe5 {[%clk 00:10:26]} Rd8 {[%clk 00:01:49]} {[%emt 00:00:55]} 39. Re7
{[%clk 00:10:21]} {[%emt 00:00:09]} b6 {[%clk 00:01:16]} {[%emt 00:00:43]} 40.
Rb7 {[%clk 00:09:50]} {[%emt 00:00:31]} Rd6 {[%clk 00:01:16]} {[%emt 00:00:11]}
41. a3 {[%clk 00:09:12]} {[%emt 00:01:00]} Nf5 {[%clk 00:01:07]} 42. b4 {[%clk
00:08:35]} {[%emt 00:00:30]} Ne3 {[%clk 00:01:01]} {[%emt 00:00:12]} 43. a4
{[%clk 00:08:12]} {[%emt 00:00:26]} Nxd5 {[%clk 00:00:59]} {[%emt 00:00:17]} 44.
Nxd5 {[%clk 00:08:12]} Rxd5 {[%clk 00:00:59]} 45. Rxb6 {[%clk 00:08:12]} Kf8
{[%clk 00:00:51]} {[%emt 00:00:11]} 46. a5 {[%clk 00:08:11]} {[%emt 00:00:08]}
Rd8 {[%clk 00:00:48]} {[%emt 00:00:07]} 47. a6 {[%clk 00:08:11]} {[%emt
00:00:06]} Ra8 {[%clk 00:00:35]} {[%emt 00:00:14]} 48. b5 {[%clk 00:08:11]}
{[%emt 00:00:20]} Ke7 {[%clk 00:00:35]} 49. Rb7+ {[%clk 00:08:11]} Kd6 {[%clk
00:00:25]} {[%emt 00:00:15]} 50. a7 {[%clk 00:08:06]} Kc5 {[%clk 00:00:10]}
{[%emt 00:00:17]} 51. b6 {[%clk 00:08:06]} {[%emt 00:01:10]} Kc6 {[%clk
00:00:10]} 52. Rb8 {[%clk 00:08:06]} Rxb8 {[%clk 00:00:10]} 53. axb8=Q {[%clk
00:08:06]} Kd7 {[%clk 00:00:10]} 54. Qc7+ {[%clk 00:08:06]} Ke6 {[%clk
00:00:10]} 55. b7 {[%clk 00:08:06]} Kd5 {[%clk 00:00:10]} 56. b8=Q {[%clk
00:08:06]} Kd4 {[%clk 00:00:10]} 57. Qd6+ Kc4 58. Qbc7+ {[%clk 00:08:05]} Kb5
{[%clk 00:00:10]} 59. Qdb6+ {[%clk 00:08:05]} Ka4 {[%clk 00:00:10]} 60. Qca7#
{[%clk 00:08:05]} 1-0

[Event "National Elementary Championship"]
[Site "Columbus, Ohio, United States"]
[Date "2022.05.14"]
[Round "4.11"]
[White "Zheng, Marcus"]
[Black "Ho, Carter"]
[Result "1/2-1/2"]
[TimeControl "G/90;d5"]
[WhiteElo "1826"]
[BlackElo "2033"]

1. d4 {[%clk 01:30:00]} {[%emt 00:00:07]} d5 {[%clk 01:30:00]} {[%emt
00:00:03]} 2. c4 {[%clk 01:29:57]} {[%emt 00:00:08]} c6 {[%clk 01:30:00]}
{[%emt 00:00:03]} 3. Nf3 {[%clk 01:29:49]} {[%emt 00:00:12]} Nf6 {[%clk
01:30:00]} {[%emt 00:00:03]} 4. Nc3 {[%clk 01:29:38]} {[%emt 00:00:17]} dxc4
{[%clk 01:30:00]} {[%emt 00:00:04]} 5. a4 {[%clk 01:29:24]} {[%emt 00:00:19]}
Bf5 {[%clk 01:30:00]} {[%emt 00:00:04]} 6. e3 {[%clk 01:28:47]} {[%emt
00:00:41]} e6 {[%clk 01:30:00]} {[%emt 00:00:05]} 7. Bxc4 {[%clk 01:28:11]}
{[%emt 00:00:42]} Bb4 {[%clk 01:30:00]} {[%emt 00:00:04]} 8. O-O {[%clk
01:27:22]} {[%emt 00:00:54]} Nbd7 {[%clk 01:30:00]} {[%emt 00:00:04]} 9. Qb3
{[%clk 01:25:03]} {[%emt 00:02:23]} a5 {[%clk 01:29:25]} {[%emt 00:00:40]} 10.
Na2 {[%clk 01:23:21]} {[%emt 00:01:48]} c5 {[%clk 01:11:20]} {[%emt 00:18:09]}
11. Nxb4 {[%clk 01:22:06]} {[%emt 00:01:21]} cxb4 {[%clk 01:10:48]} {[%emt
00:00:37]} 12. Re1 {[%clk 01:19:57]} {[%emt 00:02:14]} O-O {[%clk 01:09:19]}
{[%emt 00:01:34]} 13. Nd2 {[%clk 01:11:14]} {[%emt 00:08:48]} e5 {[%clk
00:59:11]} {[%emt 00:10:12]} 14. e4 {[%clk 01:08:49]} {[%emt 00:02:31]} Bg6
{[%clk 00:59:04]} {[%emt 00:00:12]} 15. d5 {[%clk 01:08:00]} {[%emt 00:00:54]}
Nc5 {[%clk 00:56:55]} {[%emt 00:02:14]} 16. Qf3 {[%clk 01:06:49]} {[%emt
00:01:16]} Ne8 {[%clk 00:54:24]} {[%emt 00:02:36]} 17. Qe3 {[%clk 01:01:05]}
{[%emt 00:05:48]} Rc8 {[%clk 00:52:04]} {[%emt 00:02:25]} 18. f3 {[%clk
00:58:51]} {[%emt 00:02:19]} Nd6 {[%clk 00:51:09]} {[%emt 00:00:58]} 19. b3
{[%clk 00:57:45]} {[%emt 00:01:13]} f6 {[%clk 00:47:19]} {[%emt 00:03:54]} 20.
Bb2 {[%clk 00:57:01]} {[%emt 00:00:50]} Qd7 {[%clk 00:40:19]} {[%emt 00:07:04]}
21. Rac1 {[%clk 00:55:29]} {[%emt 00:01:37]} Rfe8 {[%clk 00:34:07]} {[%emt
00:06:16]} 1/2-1/2